<?xml version="1.0" encoding="UTF-8"?><record xmlns="http://www.loc.gov/MARC21/slim" xmlns:zs="http://docs.oasis-open.org/ns/search-ws/sruResponse">
  <leader>00667cz  a2200217n  4500</leader>
  <controlfield tag="001">no2007025001</controlfield>
  <controlfield tag="003">DLC</controlfield>
  <controlfield tag="005">20221019145003.0</controlfield>
  <controlfield tag="008">070306n| azannaabn          |a ana     c</controlfield>
  <datafield ind1=" " ind2=" " tag="010">
    <subfield code="a">no2007025001</subfield>
  </datafield>
  <datafield ind1=" " ind2=" " tag="035">
    <subfield code="a">(OCoLC)oca07346362</subfield>
  </datafield>
  <datafield ind1=" " ind2=" " tag="040">
    <subfield code="a">MH-P</subfield>
    <subfield code="b">eng</subfield>
    <subfield code="c">MH-P</subfield>
    <subfield code="d">DLC</subfield>
    <subfield code="e">rda</subfield>
  </datafield>
  <datafield ind1=" " ind2=" " tag="043">
    <subfield code="a">e-ci---</subfield>
  </datafield>
  <datafield ind1=" " ind2=" " tag="151">
    <subfield code="a">Sarvaš (Croatia)</subfield>
  </datafield>
  <datafield ind1=" " ind2=" " tag="451">
    <subfield code="a">Szarvas (Croatia)</subfield>
  </datafield>
  <datafield ind1=" " ind2=" " tag="451">
    <subfield code="a">Sarwasch (Croatia)</subfield>
  </datafield>
  <datafield ind1=" " ind2=" " tag="451">
    <subfield code="a">Sarvash (Croatia)</subfield>
  </datafield>
  <datafield ind1=" " ind2=" " tag="451">
    <subfield code="a">Hirschfeld (Croatia)</subfield>
  </datafield>
  <datafield ind1=" " ind2=" " tag="670">
    <subfield code="a">Balen, J. Sarvaš, 2005.</subfield>
  </datafield>
  <datafield ind1=" " ind2=" " tag="670">
    <subfield code="a">GEONET, Mar. 6, 2007</subfield>
    <subfield code="b">(Sarvaš, ppl, 45° 31ʹ 38ʺN 18° 50ʹ 15ʺE; variants, Szarvas, Sarwasch, Sarvash, Hirschfeld)</subfield>
  </datafield>
  <datafield ind1=" " ind2="0" tag="781">
    <subfield code="z">Croatia</subfield>
    <subfield code="z">Sarvaš</subfield>
  </datafield>
</record>
